| 000 | 00368nam a2200133Ia 4500 | ||
|---|---|---|---|
| 005 | 20260328101523.0 | ||
| 008 | 260328s9999||||xx |||||||||||||| ||und|| | ||
| 100 | _aVan Lengen, Johan | ||
| 245 | 4 |
_aThe Barefoot Architect : _b A HandBook for Green Building / _cJohan Van Lengen |
|
| 260 | _bShelter | ||
| 300 | _a697 p. | ||
| 650 | _aARQUITECTURA VERNACULAR | ||
| 942 | _cBK | ||
| 999 |
_c9667 _d9667 |
||